Kresba = The drawing : Architektův raison d´être = The architect´s raison d´être /

Gespeichert in:
Bibliographische Detailangaben
1. Verfasser: Riedijk, Michiel (Verfasst von)
Format: Buch
Sprache:Tschechisch
Englisch
Veröffentlicht: Praha : Fakulta architektury ČVUT, 2009
Ausgabe:1. vydanie
Schlagworte:
Tags: Tag hinzufügen
Keine Tags, Fügen Sie das erste Tag hinzu!

MARC

LEADER 00000nam a22000003a 4500
001 0080090
003 SK-STU
005 20200131090800.5
007 ta
008 200131s ----xo-----e------000-0-----d
020 |a 978-80-01-04405-6 
040 |a STU  |b slo 
041 0 |a cze  |a eng 
044 |a xr 
100 1 |a Riedijk, Michiel  |4 aut 
245 1 0 |a Kresba = The drawing :  |b Architektův raison d´être = The architect´s raison d´être /  |c aut. Michiel Riedijk 
250 |a 1. vydanie 
260 |a Praha :   |b Fakulta architektury ČVUT,  |c 2009 
300 |a 64 s. 
650 0 7 |a kresba 
650 0 7 |a architektúra 
650 0 7 |a Architectural education 
996 |b 284AU08283  |c A* 11543/U  |l AAKNST  |s P  |a 0  |w 0080090_0001